00433nam a2200157Ia 45000010006000000050017000060080041000230410008000640820021000721000034000932450094001272600009002213000029002306500008002596540008002672494420260414151117.0260414t2023||||xx |||||||||||||| ||spa|| aESP a346C5bE88 T. 11 aEspinoza Espinoza, Juan,eAUT 0aNuevo comentario del código civil peruano :buentes de las obligaciones (cuarta parte) c2023 a1054 páginas :c25 cm. aDER aCDE